| 000 | 00590nam a2200193 a 4500 | ||
|---|---|---|---|
| 005 | 20140310183503.0 | ||
| 008 | 100818s19uu xx 00 eng d | ||
| 020 | _a978-1-59184-148-7 | ||
| 050 |
_aHG 179 _b.Os82 2006 |
||
| 100 | _aO'Shaughnessy, James P. | ||
| 245 |
_aThe new rules for investing now : _bsmart portfolios for the next fifteen years. / _cJames P. O'Shaughnessy. |
||
| 260 |
_aNew York : _bPenguin Group, _c2006. |
||
| 300 |
_a258 p. : _c22 cm. |
||
| 521 | _aBSBA | ||
| 650 | _aFinance, Personal. | ||
| 650 | _aInvestments. | ||
| 942 |
_cBK _2lcc _kFOR |
||
| 999 |
_c23986 _d23986 |
||